| 000 | 00797cam a2200217 a 4500 | ||
|---|---|---|---|
| 005 | 20250329173333.0 | ||
| 008 | 210504s2023 ck a gr 000 jdspa | ||
| 020 | _a978-958-30-6754-9 | ||
| 040 |
_aCO-CtgCURN _bspa _ccoctgcurn |
||
| 082 | 0 | 4 |
_a863.6 _bS712 |
| 100 | 1 | _aSpitz, Clarita. | |
| 245 | 1 | 0 |
_aEnrique tiene cinco años / _cClarita Spitz; ilustraciones de Beatriz Eugenia Vallejo. |
| 260 |
_aBogotá : _bPanamericana, _c2023. |
||
| 300 |
_a52 páginas. : _bilustraciones a color ; _c20 cm. |
||
| 650 | 1 | 4 | _aCuentos infantiles mexicanos. |
| 650 | 2 | 4 |
_aNiños _vCuentos infantiles. |
| 650 | 2 | 4 |
_aHermanos _vCuentos infantiles. |
| 700 | 1 |
_aVallejo, Beatriz, _eilustrador. |
|
| 942 |
_2ddc _aMSCTG _h863.6 _iS712 _o863.6 S712 |
||
| 999 |
_c7732 _d7732 |
||